000 00416nam a2200145 4500
001 127580
003 ES-MaACL
007 t|
008 070214s1938 gw r ||||1| ger d
100 1 _aRittich, Werner.
_997494
245 1 0 _aArchitektur und Bauplastik der Gegenwart /
_cvon Werner Rittich.
260 _aBerlin :
_bRembrandt Verlag,
_c1938.
300 _a160 p. ;
_c28 cm.
852 _aES-MaACL
_jL-5456
_bR.19081
999 _c127580
_d127580